Titanic - Statistics

General Stats
  • This quiz has been taken 1,019 times
  • The average score is 8 of 11
Answer Stats
Hint Answer % Correct
What year did the Titanic sink? 1912
98%
Which city was it supposed to dock at? New York
92%
How long did it take to sink? 2 hours 40 minutes
83%
How many lifeboats did Titanic have? 20
80%
What date did Titanic hit the iceberg? 14 April
75%
What date did Titanic sink? 15 April
75%
How many decks did Titanic have? 9
73%
In which city was Titanic built? Belfast
70%
What ship resuced survivors? Carpathia
66%
Which city did it set sail from? Southampton
62%
To the nearest hundreds how many passengers and crew were onboard? 2200
60%
No matching quizzes found
Score Distribution
Percent of People with Each Score
Percentile by Number Answered
Your Score History
You have not taken this quiz